00465nam a2200145Ia 4500008004100000040001900041041001200060082002800072100001600100245005500116260003900171300001700210650005200227651004000279131103s9999 xx 000 0 und d aLoreto College aEnglish a891.44/DEYbLCLIB/19012 aDey, Bishnu aMichael, Rabindranath o anynya jigyasacBishnu Dey aCalcuttabMonisha Granthalayc1967 a215p c 22cm aDutta, Michael Madhusudan: Tagore, Rabindranath aBengali Literature - Critical study